<?xml version="1.0" encoding="UTF-8"?>
<record
    xmlns:xsi="http://www.w3.org/2001/XMLSchema-instance"
    xsi:schemaLocation="http://www.loc.gov/MARC21/slim http://www.loc.gov/standards/marcxml/schema/MARC21slim.xsd"
    xmlns="http://www.loc.gov/MARC21/slim">

  <leader>00675nam a2200229Ia 4500</leader>
  <controlfield tag="005">20260429111954.0</controlfield>
  <controlfield tag="008">260429s9999||||xx |||||||||||||| ||und||</controlfield>
  <datafield tag="020" ind1=" " ind2=" ">
    <subfield code="a">9783161639036</subfield>
  </datafield>
  <datafield tag="041" ind1=" " ind2=" ">
    <subfield code="a">English</subfield>
  </datafield>
  <datafield tag="082" ind1=" " ind2=" ">
    <subfield code="a">346.24</subfield>
    <subfield code="b">CAS</subfield>
  </datafield>
  <datafield tag="100" ind1=" " ind2=" ">
    <subfield code="a">Casarosa, Federica</subfield>
  </datafield>
  <datafield tag="245" ind1=" " ind2="0">
    <subfield code="a">Enforcing private regulation in the platform economy / </subfield>
    <subfield code="c">Federica Casarosa</subfield>
  </datafield>
  <datafield tag="260" ind1=" " ind2=" ">
    <subfield code="a">Germany : </subfield>
    <subfield code="b">Mohr Siebeck,</subfield>
    <subfield code="c">2025.</subfield>
  </datafield>
  <datafield tag="300" ind1=" " ind2=" ">
    <subfield code="a">xv, 324 p.; pbk</subfield>
  </datafield>
  <datafield tag="440" ind1=" " ind2=" ">
    <subfield code="a">Studies on Foreign and International Private Law (StudIPR); 542</subfield>
  </datafield>
  <datafield tag="650" ind1=" " ind2=" ">
    <subfield code="a"> Europe</subfield>
  </datafield>
  <datafield tag="650" ind1=" " ind2=" ">
    <subfield code="a"> Private law</subfield>
  </datafield>
  <datafield tag="650" ind1=" " ind2=" ">
    <subfield code="a"> Regional organizations</subfield>
  </datafield>
  <datafield tag="650" ind1=" " ind2=" ">
    <subfield code="a">Law</subfield>
  </datafield>
  <datafield tag="700" ind1=" " ind2=" ">
    <subfield code="a"> Grochowski, Mateusz</subfield>
  </datafield>
  <datafield tag="942" ind1=" " ind2=" ">
    <subfield code="c">TB</subfield>
  </datafield>
  <datafield tag="999" ind1=" " ind2=" ">
    <subfield code="c">51689</subfield>
    <subfield code="d">51689</subfield>
  </datafield>
  <datafield tag="952" ind1=" " ind2=" ">
    <subfield code="0">0</subfield>
    <subfield code="1">0</subfield>
    <subfield code="4">0</subfield>
    <subfield code="7">0</subfield>
    <subfield code="8">NFIC</subfield>
    <subfield code="a">CUTN</subfield>
    <subfield code="b">CUTN</subfield>
    <subfield code="c">300</subfield>
    <subfield code="d">2026-04-29</subfield>
    <subfield code="e">Feel Books, Chennai - Invoice No. BRL/CRB/25-26/568 on 13-02-2026</subfield>
    <subfield code="l">0</subfield>
    <subfield code="o">346.24 CAS</subfield>
    <subfield code="p">56717</subfield>
    <subfield code="r">2026-04-29 11:19:54</subfield>
    <subfield code="w">2026-04-29</subfield>
    <subfield code="y">TB</subfield>
  </datafield>
</record>
